[Event "Philadelphia Open"]
[Site "Philadelphia"]
[Date "2017.04.16"]
[Round "9.22"]
[White "Kumar, Aravind"]
[Black "Juac, Majur"]
[Result "1-0"]
[WhiteElo "2188"]
[BlackElo "2074"]
[PlyCount "66"]
[EventDate "2017.04.??"]
[EventType "swiss"]
[EventRounds "9"]
[EventCountry "USA"]

1. d4 Nf6 2. c4 e6 3. Nc3 c5 4. d5 exd5 5. cxd5 d6 6. e4 g6 7. Nge2 Bg7 8. Ng3
O-O 9. Be2 Na6 10. O-O Nc7 11. Bg5 h6 12. Be3 b5 13. e5 dxe5 14. Bxc5 Re8 15.
d6 Ne6 16. b4 a6 17. Bf3 Bd7 18. Bxa8 Qxa8 19. a4 Bc6 20. f3 bxa4 21. Nxa4 e4
22. Nb6 Qb7 23. fxe4 Nxe4 24. Nxe4 Bxe4 25. Ra2 a5 26. Qa4 Bc6 27. Qxa5 Nxc5
28. bxc5 Bd4+ 29. Kh1 Re5 30. d7 Qb8 31. Qd2 Re4 32. Ra3 Rh4 33. Rg3 Kg7 1-0

[Event "Philadelphia Open"]
[Site "Philadelphia"]
[Date "2017.04.16"]
[Round "9.23"]
[White "Wang, Wesley"]
[Black "Paul, Justin"]
[Result "1/2-1/2"]
[WhiteElo "2111"]
[BlackElo "2179"]
[PlyCount "28"]
[EventDate "2017.04.??"]
[EventType "swiss"]
[EventRounds "9"]
[EventCountry "USA"]

1. e4 g6 2. d4 d6 3. Nc3 Nf6 4. Bg5 Nbd7 5. Qd2 c6 6. O-O-O Qa5 7. Kb1 b5 8. a3
Rb8 9. Nf3 b4 10. axb4 Qxb4 11. b3 Ng4 12. h3 Nxf2 13. Qxf2 Qxc3 14. Bd2 Rxb3+
1/2-1/2

[Event "Philadelphia Open"]
[Site "Philadelphia"]
[Date "2017.04.16"]
[Round "9.26"]
[White "Xu, Runya"]
[Black "Kis, Lorand"]
[Result "1/2-1/2"]
[WhiteElo "2065"]
[BlackElo "2075"]
[PlyCount "102"]
[EventDate "2017.04.??"]
[EventType "swiss"]
[EventRounds "9"]
[EventCountry "USA"]

1. c4 g6 2. Nc3 Bg7 3. g3 e5 4. Bg2 Nc6 5. e3 h5 6. Nge2 h4 7. d4 exd4 8. exd4
d6 9. Nd5 Nh6 10. Ne3 a5 11. O-O Bd7 12. Re1 Qc8 13. Bd2 Kf8 14. Bc3 hxg3 15.
hxg3 g5 16. Qd3 Bh3 17. f3 Ne7 18. d5 Bd7 19. Kf2 Nef5 20. Nd4 Nxd4 21. Bxd4 f6
22. f4 gxf4 23. gxf4 Bf5 24. Be4 Bxe4 25. Qxe4 Qd7 26. Qg6 Qf7 27. Qxf7+ Kxf7
28. Rh1 Rh7 29. Rh2 Rah8 30. Rah1 Kg8 31. Kf3 Nf7 32. Rxh7 Rxh7 33. Rxh7 Kxh7
34. Bc3 b6 35. Kg4 Kg6 36. Nf5 Nh6+ 37. Nxh6 Bxh6 38. f5+ Kg7 39. b4 axb4 40.
Bxb4 Be3 41. Kh5 Bd4 42. Bd2 Be5 43. Bh6+ Kf7 44. Kg4 Ke7 45. Kf3 Kd7 46. Ke4
Kc8 47. Kd3 Kb7 48. Kc2 c6 49. Kb3 cxd5 50. cxd5 Ka6 51. Kb4 b5 1/2-1/2

[Event "Philadelphia Open"]
[Site "Philadelphia"]
[Date "2017.04.16"]
[Round "9.27"]
[White "IM Mandizha, Farai"]
[Black "WIM Bogdan, Ekaterina"]
[Result "0-1"]
[WhiteElo "2359"]
[BlackElo "2058"]
[PlyCount "81"]
[EventDate "2017.04.??"]
[EventType "swiss"]
[EventRounds "9"]
[EventCountry "USA"]

1. Nf3 d5 2. g3 Nf6 3. Bg2 e6 4. O-O Be7 5. d3 O-O 6. Nbd2 c5 7. e4 Nc6 8. Re1
b5 9. exd5 exd5 10. a4 b4 11. d4 cxd4 12. Nb3 Bb7 13. a5 a6 14. Nfxd4 Nxd4 15.
Nxd4 Ne4 16. Be3 Bf6 17. Ra4 Nc5 18. Ra2 Ne4 19. Qd3 Rc8 20. Rd1 g6 21. Nb3 Qe7
22. Bb6 Rfe8 23. Re1 Qf8 24. h4 Qg7 25. Bh3 Ra8 26. Nd4 Nd6 27. Rd1 Ne4 28. Qb3
Be7 29. Bd7 Qf6 30. Qe3 Rf8 31. Nb3 Qd6 32. Bh3 Rfe8 33. Nd2 Nxd2 34. Qxd2 d4
35. Raa1 Qd5 36. Kh2 Bc5 37. Bxc5 Qxc5 38. Qxd4 Qxc2 39. Rd2 Qb3 40. Qb6 Bf3
41. Ra3 0-1

[Event "Philadelphia Open"]
[Site "Philadelphia"]
[Date "2017.04.16"]
[Round "9.29"]
[White "FM Nguyen, Truong"]
[Black "WIM Eswaran, Ashritha"]
[Result "1-0"]
[WhiteElo "2013"]
[BlackElo "2162"]
[Annotator "Hater,David"]
[PlyCount "91"]
[EventDate "2017.04.??"]
[EventType "swiss"]
[EventRounds "9"]
[EventCountry "USA"]

1. d4 Nf6 2. c4 e6 3. Nf3 c5 4. d5 exd5 5. cxd5 d6 6. Nc3 g6 7. h3 a6 8. a4 Qe7
9. Nd2 Bg7 10. Nc4 O-O 11. Bf4 Rd8 12. e3 Ne8 13. Be2 Nd7 14. a5 Ne5 15. Nb6
Rb8 16. O-O f5 17. Qc2 Nf6 18. Rae1 Nf7 19. Bh2 Re8 20. Bd3 Nh5 21. f4 Nf6 22.
e4 fxe4 23. Nxe4 Bf5 24. Ng5 Qxe1 25. Rxe1 Rxe1+ 26. Kf2 Bxd3 27. Qxd3 Rbe8 28.
Ne6 Re4 29. Nc4 Bf8 30. g4 Nd8 31. f5 Nxe6 32. dxe6 Rd4 33. Qb3 Ne4+ 34. Ke1
Be7 35. Bg1 Rd5 36. Qxb7 Bh4+ 37. Bf2 Re7 38. Qxd5 Nxf2 39. Ke2 Nxh3 40. Qxd6
Bg5 41. Qxa6 h5 42. Qc8+ Kg7 43. Qxc5 Nf4+ 44. Kf3 h4 45. f6+ Bxf6 46. Kxf4 1-0

[Event "Philadelphia Open"]
[Site "Philadelphia"]
[Date "2017.04.16"]
[Round "9.30"]
[White "Nakada, Akira"]
[Black "WFM Samadashvili, Martha"]
[Result "1-0"]
[WhiteElo "2083"]
[BlackElo "1958"]
[PlyCount "108"]
[EventDate "2017.04.??"]
[EventType "swiss"]
[EventRounds "9"]
[EventCountry "USA"]

1. d4 d5 2. c4 c6 3. cxd5 cxd5 4. Bf4 Nf6 5. Nc3 Nc6 6. e3 Bf5 7. Qb3 Na5 8.
Qa4+ Bd7 9. Qc2 e6 10. Nf3 Rc8 11. Bd3 Be7 12. O-O O-O 13. Ne5 h6 14. Qe2 a6
15. Rac1 Bb4 16. Nb1 Qe7 17. a3 Bd6 18. b4 Nc6 19. Nd2 Na7 20. Nb3 Bb5 21. Nc5
Bxd3 22. Qxd3 Nh5 23. Rfe1 Rfd8 24. h3 Nf6 25. f3 Bb8 26. Bg3 Ne8 27. Rc2 Nd6
28. Rec1 Qe8 29. Qb3 Qe7 30. Bf2 f6 31. Ng6 Qf7 32. Nf4 Re8 33. Ncd3 g5 34. Ne2
Nc4 35. Nc5 h5 36. e4 h4 37. f4 Rc6 38. f5 b5 39. fxe6 Rcxe6 40. Nxe6 Qxe6 41.
exd5 Qxd5 42. Qd3 Kg7 43. Nc3 Qd6 44. Re2 Qh2+ 45. Kf1 Qh1+ 46. Bg1 Bh2 47. Kf2
Bg3+ 48. Kf3 Nc6 49. Rxe8 Be5 50. Qf5 Nd2+ 51. Ke3 Nc4+ 52. Kd3 Nb2+ 53. Kc2
Qxg2+ 54. Qf2 Nxd4+ 1-0

[Event "Philadelphia Open"]
[Site "Philadelphia"]
[Date "2017.04.16"]
[Round "9.33"]
[White "Fernandez, Nelson"]
[Black "Kung, Thomas"]
[Result "0-1"]
[WhiteElo "1922"]
[BlackElo "2103"]
[PlyCount "58"]
[EventDate "2017.04.??"]
[EventType "swiss"]
[EventRounds "9"]
[EventCountry "USA"]

1. d4 d5 2. c4 c6 3. Nc3 Nf6 4. e3 e6 5. Nf3 Nbd7 6. Qc2 Bd6 7. b3 O-O 8. Be2
Re8 9. O-O e5 10. dxe5 Nxe5 11. cxd5 cxd5 12. h3 Be6 13. Bb2 Rc8 14. Qd1 a6 15.
Nd4 Ne4 16. Rc1 Qd7 17. f4 Nc6 18. Nxe4 dxe4 19. Nxe6 Qxe6 20. Bg4 f5 21. Be2
Kh8 22. Bc4 Qe7 23. Qh5 Rf8 24. g4 Bc5 25. Kf2 Rcd8 26. Rcd1 b5 27. g5 Rd6 28.
Be2 Bxe3+ 29. Kxe3 Qa7+ 0-1

[Event "Philadelphia Open"]
[Site "Philadelphia"]
[Date "2017.04.21"]
[Round "9.34"]
[White "De Fotis, Gary"]
[Black "Wongso, Steve"]
[Result "1/2-1/2"]
[WhiteElo "1934"]
[BlackElo "1617"]
[PlyCount "48"]
[EventDate "2017.04.??"]
[EventType "swiss"]
[EventRounds "9"]
[EventCountry "USA"]

1. d4 Nf6 2. c4 g6 3. g3 Bg7 4. Bg2 O-O 5. Nc3 d6 6. Nf3 Nbd7 7. O-O e5 8. e4
c6 9. h3 Qb6 10. Re1 exd4 11. Nxd4 Nc5 12. Rb1 a5 13. Be3 Nfd7 14. f4 Re8 15.
Bf2 Nf8 16. Nf3 Qc7 17. e5 Rd8 18. Qe2 b6 19. Rbd1 Bb7 20. exd6 Rxd6 21. Rxd6
Qxd6 22. Rd1 Qc7 23. Nd4 Rd8 24. Qf3 Rd6 1/2-1/2

[Event "Philadelphia Open"]
[Site "Philadelphia"]
[Date "2017.04.21"]
[Round "9.35"]
[White "Lee, Jaden"]
[Black "Boroquez, Maria"]
[Result "1-0"]
[WhiteElo "1682"]
[BlackElo "1570"]
[PlyCount "57"]
[EventDate "2017.04.??"]
[EventType "swiss"]
[EventRounds "9"]
[EventCountry "USA"]

1. e4 c5 2. Nf3 e6 3. d4 cxd4 4. Nxd4 a6 5. Nc3 d6 6. a4 b6 7. Be2 Bb7 8. O-O
Nf6 9. Bf3 Qc7 10. Kh1 Be7 11. Be3 O-O 12. g4 Nc6 13. g5 Nd7 14. Bg2 Nce5 15.
f4 Nc4 16. Bc1 Rfe8 17. Rf3 Nf8 18. f5 e5 19. Nde2 f6 20. Nd5 Bxd5 21. Qxd5+
Kh8 22. Rc3 Rac8 23. gxf6 Bxf6 24. b3 Ne3 25. Bxe3 Qd7 26. Bxb6 Rxc3 27. Nxc3
Rc8 28. Qd3 Rc6 29. Ba5 1-0